[Event "Bicaz City Cup"]
[Site "Bicaz"]
[Date "2020.03.06"]
[Round "3"]
[White "Dobre, Claudiu Cristian"]
[Black "Dumitru, Luca Serban"]
[Result "1-0"]
[WhiteElo "2312"]
[BlackElo "1788"]
[PlyCount "53"]
[EventDate "2020.03.05"]
[EventType "swiss"]
[EventRounds "7"]
[EventCountry "ROU"]
[SourceTitle "CBM 195 Extra"]
[Source "ChessBase"]
[SourceDate "2020.05.31"]
[SourceVersion "1"]
[SourceVersionDate "2020.05.31"]
[SourceQuality "1"]

1. Nf3 d5 2. c4 d4 3. b4 g6 4. g3 Bg7 5. d3 Bg4 6. Bg2 Qc8 7. Bb2 e5 8. Nbd2 Bh3 9. 0-0 Bxg2 10. Kxg2 Ne7 11. e3 dxe3 12. fxe3 Nf5 13. Qe2 Nd7 14. d4 Bh6 15. dxe5 Nxe3+ 16. Kh1 0-0 17. Rf2 Ng4 18. Rff1 Re8 19. Ne4 Bg7 20. e6 Rxe6 21. Bxg7 Kxg7 22. Nd4 Re5 23. Qxg4 f5 24. Rxf5 h5 25. Qg5 Rxe4 26. Raf1 Rg4 27. Rf7+ 1-0

[Event "ROM-ch U12"]
[Site "Calimanesti"]
[Date "2018.04.02"]
[Round "8"]
[White "Tampea, Radu"]
[Black "Dumitru, Luca Serban"]
[Result "1-0"]
[WhiteElo "1752"]
[BlackElo "1487"]
[PlyCount "73"]
[EventDate "2018.03.27"]
[EventType "swiss"]
[EventRounds "9"]
[EventCountry "ROU"]
[SourceTitle "CBM 183 Extra"]
[Source "ChessBase"]
[SourceDate "2018.04.19"]
[SourceVersion "1"]
[SourceVersionDate "2018.04.19"]
[SourceQuality "1"]

1. d4 f5 2. Nc3 e6 3. e4 fxe4 4. Nxe4 Nf6 5. Bg5 Be7 6. Bxf6 Bxf6 7. c3 0-0 8. Bd3 d5 9. Nxf6+ Qxf6 10. Nf3 Nc6 11. Qe2 e5 12. Nxe5 Nxe5 13. dxe5 Qg5 14. 0-0 Bg4 15. f3 Bh5 16. Rae1 Rae8 17. Qe3 Qh4 18. f4 Bg4 19. Qg3 Qh5 20. h3 Bf5 21. Bxf5 Qxf5 22. Qf3 c6 23. g4 Qc2 24. Re2 Qa4 25. b3 Qa5 26. f5 Qc5+ 27. Qe3 Qb5 28. Rff2 c5 29. Qg5 d4 30. f6 Rf7 31. Qf5 gxf6 32. e6 Rff8 33. g5 d3 34. gxf6 Kh8 35. f7 Rg8+ 36. Rg2 Rxg2+ 37. Rxg2 1-0

[Event "ROM-ch U12"]
[Site "Calimanesti"]
[Date "2018.03.29"]
[Round "3"]
[White "Pandelea, Andrei Alexandru"]
[Black "Dumitru, Luca Serban"]
[Result "0-1"]
[WhiteElo "1260"]
[BlackElo "1487"]
[PlyCount "56"]
[EventDate "2018.03.27"]
[EventType "swiss"]
[EventRounds "9"]
[EventCountry "ROU"]
[SourceTitle "CBM 183 Extra"]
[Source "ChessBase"]
[SourceDate "2018.04.19"]
[SourceVersion "1"]
[SourceVersionDate "2018.04.19"]
[SourceQuality "1"]

1. d4 e6 2. Nc3 Bb4 3. Nf3 Nf6 4. Bg5 d5 5. e3 h6 6. Bxf6 Qxf6 7. Be2 Bd7 8. 0-0 Nc6 9. a3 Bd6 10. Nb5 0-0-0 11. c4 g5 12. Nxd6+ cxd6 13. Rb1 dxc4 14. Bxc4 g4 15. Nd2 d5 16. Be2 Qe7 17. Bxg4 h5 18. Bh3 Rhg8 19. Nf3 e5 20. Bxd7+ Qxd7 21. Nxe5 Nxe5 22. dxe5 Qh3 23. g3 h4 24. Qf3 Kb8 25. Qg2 Qf5 26. Kh1 h3 27. Qg1 Qf3+ 28. Qg2 Qxg2# 0-1

[Event "ROM-ch U10"]
[Site "Baile Felix"]
[Date "2017.02.05"]
[Round "4"]
[White "Dumitru, Luca Serban"]
[Black "Pachitanu, Matei"]
[Result "1/2-1/2"]
[WhiteElo "1445"]
[BlackElo "1270"]
[PlyCount "56"]
[EventDate "2017.02.02"]
[EventType "swiss"]
[EventRounds "9"]
[EventCountry "ROU"]
[SourceTitle "CBM 176 Extra"]
[Source "ChessBase"]
[SourceDate "2017.03.02"]
[SourceVersion "1"]
[SourceVersionDate "2017.03.02"]
[SourceQuality "1"]

1. f4 c5 2. b3 d6 3. e3 a6 4. Nf3 Nf6 5. Bb2 e6 6. Be2 Be7 7. 0-0 Nc6 8. Qe1 Bd7 9. Qg3 g6 10. d3 Nh5 11. Qe1 Nf6 12. e4 Rg8 13. e5 dxe5 14. Nxe5 Nd5 15. Bf3 Ncb4 16. Nc3 Bc8 17. Rf2 Bf6 18. Bxd5 Nxd5 19. Nc4 Qc7 20. Qe4 b5 21. Ne3 Bb7 22. Ng4 h5 23. Nxf6+ Nxf6 24. Qe2 Rd8 25. Re1 Kf8 26. Qe3 Nd5 27. Qh3 Nf6 28. Qh4 Qe7 1/2-1/2

[Event "ROM-ch U08"]
[Site "Calimanesti"]
[Date "2014.04.09"]
[Round "4"]
[White "Nicolae, Dan Stefan"]
[Black "Dumitru, Luca Serban"]
[Result "0-1"]
[WhiteElo "1198"]
[BlackElo "1054"]
[PlyCount "46"]
[EventDate "2014.04.06"]
[EventType "swiss"]
[EventRounds "9"]
[EventCountry "ROU"]
[SourceTitle "CBM 160 Extra"]
[Source "ChessBase"]
[SourceDate "2014.07.01"]
[SourceVersion "1"]
[SourceVersionDate "2014.07.01"]
[SourceQuality "1"]

1. e4 c5 2. Nf3 d6 3. c4 Bg4 4. h3 Bxf3 5. Qxf3 Nf6 6. Nc3 Nc6 7. Qd1 e6 8. Be2 d5 9. exd5 exd5 10. cxd5 Nxd5 11. Bc4 Qe7+ 12. Kf1 Nf6 13. Kg1 0-0-0 14. d3 a6 15. a3 Na5 16. Bb3 Nxb3 17. Qxb3 Qe1+ 18. Kh2 Bd6+ 19. f4 Qf2 20. Qc4 g5 21. Nd1 Qe2 22. Nc3 Qf2 23. Nd1 Qh4 0-1